000 00537nam a22002057a 4500
003 OSt
005 20140310183120.0
008 130509t xxu||||| |||| 00| 0 eng d
020 _a9715422918
050 _aGR 325
_b.Eu87 2001
082 _aFIL 398.209599
_bP53m 2001
245 _aPhilippine folk tale :
_bthe myths /
_cEugenio, Damian L.
260 _aManila :
_bUP Press,
_c2001
300 _axvi, 516 p. :
_c24 cm .
521 _acollege
526 _c1210L-1700L
541 _j1
562 _e1
942 _2lcc
_cBK
999 _c18919
_d18919